Poets and Poetry, Articles Represented from Lil, Suppliment of the Times (Record no. 4164)

MARC details
000 -LEADER
fixed length control field 00408nam a2200145Ia 4500
008 - FIXED-LENGTH DATA ELEMENTS--GENERAL INFORMATION
fixed length control field 211109s9999||||xx |||||||||||||| ||und||
082 ## - DEWEY DECIMAL CLASSIFICATION NUMBER
Classification number 821
Item number BAI-P
100 ## - MAIN ENTRY--PERSONAL NAME
Personal name Baily, John
245 #0 - TITLE STATEMENT
Title Poets and Poetry, Articles Represented from Lil, Suppliment of the Times
260 ## - PUBLICATION, DISTRIBUTION, ETC.
Name of publisher, distributor, etc. Clarendon Press
Place of publication, distribution, etc. Oxford
Date of publication, distribution, etc. 1911
300 ## - PHYSICAL DESCRIPTION
Extent 217p
630 ## - SUBJECT ADDED ENTRY--UNIFORM TITLE
General subdivision General Stack
650 ## - SUBJECT ADDED ENTRY--TOPICAL TERM
Topical term or geographic name entry element ENGLISH POETRY
942 ## - ADDED ENTRY ELEMENTS (KOHA)
Koha item type BOOK
650 ## - SUBJECT ADDED ENTRY--TOPICAL TERM
General subdivision English
Holdings
Withdrawn status Lost status Damaged status Not for loan Home library Current library Date acquired Cost, normal purchase price Total Checkouts Full call number Barcode Shelving location Date last seen Price effective from Koha item type
        SB LIBRARY SB LIBRARY 09/11/2021 100.00   821 BAI-P 00004578 GENERAL STACK 09/11/2021 09/11/2021 BOOK

Powered by Koha